00576nam a2200157Ia 4500008004100000082001900041100003300060245002400093260006200117300001000179630001800189650006800207942000900275952011700284999001700401211109s9999||||xx |||||||||||||| ||und|| a891.436bBHA-A aBhasik Aur Govind Chalakji,  0aAdhunik Hindi Natak bRajkamal Prakashan Pvt Ltd DelhiaOxford City Pressc1900 a320p. xGeneral stack aHindi literaturevHindi fictionxLiterature & rhetoricGeneralia cBOOK 00104070aSBCLbSBCLc2d2021-11-09g100.00l0o891.436 BHA-Ap00093597r2021-11-09 00:00:00w2021-11-09yBOOK c51384d51384